Arid land irrigation and ecological management / (Record no. 535255)

000 -LEADER
fixed length control field 01120nam a2200337 a 4500
001 - CONTROL NUMBER
control field 4429605
003 - CONTROL NUMBER IDENTIFIER
control field NUST
005 - DATE AND TIME OF LATEST TRANSACTION
control field 20200901161759.0
008 - FIXED-LENGTH DATA ELEMENTS--GENERAL INFORMATION
fixed length control field 931022s1993 ii ab b 000 0 eng
010 ## - LIBRARY OF CONGRESS CONTROL NUMBER
LC control number 93905783
020 ## - INTERNATIONAL STANDARD BOOK NUMBER
International Standard Book Number 978-93-51112-75-4
Terms of availability Rs750.00
025 ## - OVERSEAS ACQUISITION NUMBER
Overseas acquisition number I-E-72011
038 ## - RECORD CONTENT LICENSOR
Staff Name MSOHAIL
040 ## - CATALOGING SOURCE
Original cataloging agency DLC
Transcribing agency DLC
Modifying agency DLC
050 00 - LIBRARY OF CONGRESS CALL NUMBER
Classification number S613
Item number .A69 1993
082 ## - DEWEY DECIMAL CLASSIFICATION NUMBER
Classification number 333.73
Author Mark KID
100 ## - MAIN ENTRY--PERSONAL NAME
Personal name Nehal Kidwai
9 (RLIN) 29724
245 00 - TITLE STATEMENT
Title Arid land irrigation and ecological management /
260 ## - PUBLICATION, DISTRIBUTION, ETC.
Place of publication, distribution, etc. Jodhpur, India :
Name of publisher, distributor, etc. Scientific Publishers,
Date of publication, distribution, etc. 1993.
300 ## - PHYSICAL DESCRIPTION
Extent 312 p. :
Other physical details ill., map ;
Dimensions 23 cm.
504 ## - BIBLIOGRAPHY, ETC. NOTE
Bibliography, etc. note Includes bibliographical references.
520 ## - SUMMARY, ETC.
Summary, etc. Contributed papers.
650 #0 - SUBJECT ADDED ENTRY--TOPICAL TERM
Topical term or geographic name entry element Irrigation farming.
9 (RLIN) 29725
650 #0 - SUBJECT ADDED ENTRY--TOPICAL TERM
Topical term or geographic name entry element Arid regions agriculture.
9 (RLIN) 24671
650 #0 - SUBJECT ADDED ENTRY--TOPICAL TERM
Topical term or geographic name entry element Irrigation
General subdivision Environmental aspects.
9 (RLIN) 29729
650 #0 - SUBJECT ADDED ENTRY--TOPICAL TERM
Topical term or geographic name entry element Arid regions ecology.
9 (RLIN) 29727
700 1# - ADDED ENTRY--PERSONAL NAME
Personal name Singh, S. D.
Fuller form of name (Satya Deo),
Dates associated with a name 1929-
9 (RLIN) 29728
906 ## - LOCAL DATA ELEMENT F, LDF (RLIN)
a 7
b cbc
c orignew
d 3
e ncip
f 19
g y-gencatlg
942 ## - ADDED ENTRY ELEMENTS (KOHA)
Source of classification or shelving scheme
Koha item type Book
Holdings
Withdrawn status Lost status Source of classification or shelving scheme Damaged status Not for loan Permanent Location Current Location Date acquired Total Checkouts Full call number Barcode Date last seen Price effective from Koha item type
          School of Civil and Environmental Engineering (SCEE) School of Civil and Environmental Engineering (SCEE) 09/01/2020   333.73 KID NIT-13177 09/01/2020 09/01/2020 Book
© 2023 Central Library, National University of Sciences and Technology. All Rights Reserved.